Creative Calligraphy: (Record no. 10181)
[ view plain ]
| 000 -LEADER | |
|---|---|
| fixed length control field | 00382nam a22001337a 4500 |
| 090 ## - LOCALLY ASSIGNED LC-TYPE CALL NUMBER (OCLC); LOCAL CALL NUMBER (OCLC) | |
| -- | 10181 |
| 008 - FIXED-LENGTH DATA ELEMENTS--GENERAL INFORMATION | |
| fixed length control field | 080917t xxu||||| |||| 00| 0 eng d |
| 020 ## - INTERNATIONAL STANDARD BOOK NUMBER | |
| International Standard Book Number | 1880908999 |
| 082 ## - DEWEY DECIMAL CLASSIFICATION NUMBER | |
| Edition number | 22 |
| Classification number | 745.61 |
| Item number | COU |
| 245 ## - TITLE STATEMENT | |
| Title | Creative Calligraphy: |
| Remainder of title | The Art Of Beautiful Writing / |
| Statement of responsibility, etc | Malcolm Couch. |
| 260 ## - PUBLICATION, DISTRIBUTION, ETC. (IMPRINT) | |
| Place of publication, distribution, etc | New York: |
| Name of publisher, distributor, etc | TODTRI, |
| Date of publication, distribution, etc | c.1996. |
| 300 ## - PHYSICAL DESCRIPTION | |
| Extent | 128p: |
| Other physical details | ill:col. |
| Dimensions | 31cm. |
| 942 ## - ADDED ENTRY ELEMENTS (KOHA) | |
| Source of classification or shelving scheme | Dewey Decimal Classification |
| Item type | Book - Borrowing |
| Withdrawn status | Item status | Source of classification or shelving scheme | Damaged status | Not for loan | Home library | Current library | Shelving location | Date acquired | Source of acquisition | Total Checkouts | Full call number | Barcode | Date last seen | Koha item type |
|---|---|---|---|---|---|---|---|---|---|---|---|---|---|---|
| Dewey Decimal Classification | Central Library | Central Library | Second Floor | 17/09/2008 | Purchase | 745.61 COU | 000013810 | 15/07/2025 | Book - Borrowing |